Normal view
MARC view
- Supervisor Dr. Muhammad Usman Akram Co-Supervisor Dr. Rashid Ahmad
Entry Corporate Name
001 - CONTROL NUMBER
- control field: 114159
003 - CONTROL NUMBER IDENTIFIER
- control field: NUST
005 - DATE AND TIME OF LATEST TRANSACTION
- control field: 20230816151024.0
008 - FIXED-LENGTH DATA ELEMENTS
- fixed length control field: 230816|| aca||aabn | a|a d
040 ## - CATALOGING SOURCE
- Original cataloging agency: NUST
- Transcribing agency: NUST
110 ## - HEADING--CORPORATE NAME
- Corporate name or jurisdiction name as entry element: Supervisor Dr. Muhammad Usman Akram Co-Supervisor Dr. Rashid Ahmad
670 ## - SOURCE DATA FOUND
- Source citation: Work cat.: (NUST): Muhammad Waqas Ahmad 114158, TH-SOF-2182-Intelligent Framework for Automated Failure Prediction and Classification of Mission-Critical Autonomous Flights and Autopilot Software, 2023.
